000 00816nam a2200253Ia 4500
003 OSt
005 20220923215725.0
006 a|||||r|||| 00| 0
007 ta
008 220922b |||||||| |||| 00| 0 hin d
024 _a181,209
037 _cTextual
040 _aARTS
_cARTS
_bhin
041 _2hin
_ahin
082 _aO152,1N323x, N0
100 _aसिंह, महेश्वर प्रसाद
_9160180
245 0 _aरशिम वीणा
246 _aRashim vīṇā
260 _aदिल्ली
_b पराग प्रकाशन
_c1990
300 _a118 पृ.
_ccm.
650 _aहिन्दी साहित्य
_9156264
942 _hO152,1N323x, N0
_cTEXL
_2CC
999 _c334587
_d334587